Urban design management (UDM) (Record no. 63541)
[ view plain ]
| 000 -LEADER | |
|---|---|
| fixed length control field | 00486nam a2200181Ia 4500 |
| 001 - CONTROL NUMBER | |
| control field | 62979 |
| 008 - FIXED-LENGTH DATA ELEMENTS--GENERAL INFORMATION | |
| fixed length control field | 150107s9999 xx 000 0 und d |
| 020 ## - INTERNATIONAL STANDARD BOOK NUMBER | |
| International Standard Book Number | 9780415469227 |
| 040 ## - CATALOGING SOURCE | |
| Transcribing agency | PK-LaUMT |
| 082 ## - DEWEY DECIMAL CLASSIFICATION NUMBER | |
| Classification number | 711.4 |
| Item number | URB- |
| 100 ## - MAIN ENTRY--PERSONAL NAME | |
| Personal name | Ahlava, Antti |
| 245 ## - TITLE STATEMENT | |
| Title | Urban design management (UDM) |
| Remainder of title | a guide to good practice |
| Statement of responsibility, etc | Ahlava, Antti|Edelman, Harry |
| 260 ## - PUBLICATION, DISTRIBUTION, ETC. (IMPRINT) | |
| Place of publication, distribution, etc | London,UK: |
| Name of publisher, distributor, etc | Taylor & Francis, |
| Date of publication, distribution, etc | 2009 |
| 300 ## - PHYSICAL DESCRIPTION | |
| Extent | 242 p. |
| 546 ## - LANGUAGE NOTE | |
| Language note | EN |
| 700 ## - ADDED ENTRY--PERSONAL NAME | |
| Personal name | Edelman, Harry |
| 942 ## - ADDED ENTRY ELEMENTS (KOHA) | |
| Koha item type | Books |
| Withdrawn status | Lost status | Damaged status | Not for loan | Home library | Current library | Date acquired | Total Checkouts | Full call number | Barcode | Date last seen | Date checked out | Price effective from | Koha item type |
|---|---|---|---|---|---|---|---|---|---|---|---|---|---|
| UMT Main Campus | UMT Main Campus | 2015-01-07 | 1 | 711.4 URB- | 84785 | 2016-02-19 | 2015-11-13 | 2015-01-07 | Books |
